000 00289nam a2200121Ia 4500
008 220204s9999 xx 000 0 und d
082 _a327
_bMIS
100 _aBeal, R S
245 0 _aInternational relations theory
260 _aBombay
_bVikas
_c1980
700 _aMisra, K P
942 _cBK
999 _c35865
_d35865